|
|
|
|
| LEADER |
00810nam a22002177a 4500 |
| 001 |
42566 |
| 003 |
BD-DhAAL |
| 008 |
240506t2017 |||||||| |||| 00| 0 eng d |
| 020 |
|
|
|a 9781897502600
|
| 040 |
|
|
|a BD-DhAAL
|c BD-DhAAL
|
| 082 |
|
|
|a 940.53
|
| 100 |
|
|
|a Elkins, Marty.
|9 56309
|
| 245 |
|
|
|a Leave us in peace /
|c Marty Elkins.
|
| 264 |
|
|
|a Owen Sound, Ontario :
|b Ginger Press,
|c 2017.
|
| 300 |
|
|
|a 189 pages ;
|c 22 cm.
|
| 541 |
|
|
|a Donated by the High Commission of Canada
|e 42566
|
| 650 |
|
|
|a World War, 1939-1945.
|
| 852 |
|
|
|a Ayesha Abed Library
|c General Stacks
|
| 942 |
|
|
|2 ddc
|c BK
|
| 999 |
|
|
|c 46580
|d 46580
|
| 952 |
|
|
|0 0
|1 0
|2 ddc
|4 0
|6 940_530000000000000_ELK
|7 0
|9 75409
|a BRACUL
|b BRACUL
|c GEN
|d 2024-05-06
|e Donated by the High Commission of Canada
|l 1
|m 3
|o 940.53 ELK
|p 3010042566
|r 2024-11-05
|s 2024-10-05
|t 1
|w 2024-05-06
|y BK
|